Rural industrial development

Spremljeno u:
Bibliografski detalji
Glavni autor: Sundram, J. D.
Format: Knjiga
Jezik:Undetermined
Izdano: Bombay Vora 1970
Teme:
Oznake: Dodaj oznaku
Bez oznaka, Budi prvi tko označuje ovaj zapis!
Thư viện lưu trữ: Trung tâm Học liệu Trường Đại học Cần Thơ
LEADER 00534nam a2200193Ia 4500
001 CTU_92807
008 210402s9999 xx 000 0 und d
082 |a 338.63 
082 |b S957 
100 |a Sundram, J. D. 
245 0 |a Rural industrial development 
245 0 |c J. D. Sundram 
260 |a Bombay 
260 |b Vora 
260 |c 1970 
650 |a Dottage industries,Rural industries,Agricultural industries 
650 |z India,India,India 
904 |i Nguyên 
980 |a Trung tâm Học liệu Trường Đại học Cần Thơ